[Event "XVII. DBMM Schach"]
[Site "Berlin"]
[Date "2017.11.05"]
[Round "7.3"]
[White "Salzberg, Gregor"]
[Black "Guth, Thomas"]
[Result "0-1"]
[WhiteElo "2111"]
[BlackElo "2328"]
[Annotator "br"]
[PlyCount "164"]
[EventDate "2017.??.??"]
[EventType "team-swiss"]
[EventRounds "7"]
[EventCountry "GER"]
[SourceTitle "XVII. DBMM 2017"]
[Source "FV Schach e.V."]
[SourceDate "2018.05.26"]
[SourceVersion "1"]
[SourceVersionDate "2018.05.26"]
[SourceQuality "1"]
[WhiteTeam "Deutsche Post Bonn II"]
[BlackTeam "AGI Frankfurt"]
[WhiteTeamCountry "GER"]
[BlackTeamCountry "GER"]

1. d4 e6 2. c4 Nf6 3. Nc3 Bb4 4. Qc2 c5 5. dxc5 Bxc5 6. Nf3 O-O 7. a3 Be7 8. e3
b6 9. Bd3 Bb7 10. O-O d6 11. b4 Nbd7 12. Bb2 Rc8 13. Rac1 Qc7 14. Ne4 h6 15.
Rfd1 Qb8 16. Qb1 Qa8 17. Nfd2 Rfd8 18. f3 a6 19. Qa1 Ne8 20. Ng3 Bf6 21. Be4
Bxb2 22. Qxb2 Ne5 23. Qd4 Bxe4 24. Ngxe4 Nc6 25. Qb2 Ne7 26. Nb3 d5 27. Ng3
Rxc4 28. Nd4 Nf6 29. a4 Rdc8 30. Qa3 Nc6 31. Nxc6 Qxc6 32. Ne2 Qd6 33. Qb2 Rxc1
34. Rxc1 Rc4 35. b5 axb5 36. Qxb5 Qa3 37. Rxc4 Qxe3+ 38. Kf1 dxc4 39. Qxc4 Nd5
40. Qc8+ Kh7 41. Qd7 Nb4 42. Ke1 Kg6 43. h4 Nd3+ 44. Kd1 Nf4 45. Nxf4+ Qxf4 46.
Qb5 Qxh4 47. Ke2 Qd4 48. Kf1 h5 49. Qc6 h4 50. Qc2+ Kh6 51. Qc1+ g5 52. Qc8 Kg7
53. Qc1 Qf4 54. Qb2+ Qf6 55. Qxb6 Qa1+ 56. Kf2 Qxa4 57. Qb2+ Kh7 58. Qb1+ Kh6
59. Qb2 Qa7+ 60. Kf1 Qa6+ 61. Kg1 Qa7+ 62. Kh1 Kg6 63. Qh8 f6 64. Qg8+ Kf5 65.
Qc8 Qa1+ 66. Kh2 Qe5+ 67. Kh1 Kf4 68. Qc1+ Qe3 69. Qc7+ e5 70. Kh2 g4 71. Qh7
g3+ 72. Kh3 Qe1 73. Qxh4+ Ke3 74. Qxg3 Qxg3+ 75. Kxg3 f5 76. Kh3 e4 77. fxe4
fxe4 78. g4 Kf3 79. g5 e3 80. g6 e2 81. Kh4 e1=Q+ 82. Kg5 Qe8 0-1

[Event "XVII. DBMM Schach"]
[Site "Berlin"]
[Date "2017.11.05"]
[Round "7.4"]
[White "Buescher, Henrik"]
[Black "Biedekoepper, Robert"]
[Result "1/2-1/2"]
[WhiteElo "2112"]
[BlackElo "1986"]
[Annotator "br"]
[PlyCount "73"]
[EventDate "2017.??.??"]
[EventType "team-swiss"]
[EventRounds "7"]
[EventCountry "GER"]
[SourceTitle "XVII. DBMM 2017"]
[Source "FV Schach e.V."]
[SourceDate "2018.05.26"]
[SourceVersion "1"]
[SourceVersionDate "2018.05.26"]
[SourceQuality "1"]
[WhiteTeam "AGI Frankfurt"]
[BlackTeam "Deutsche Post Bonn II"]
[WhiteTeamCountry "GER"]
[BlackTeamCountry "GER"]

1. d4 Nf6 2. e3 d5 3. f4 c5 4. c3 Qc7 5. Nf3 Bf5 6. Be2 e6 7. Ne5 a6 8. Nd2 h5
9. Ndf3 Nfd7 10. O-O Be7 11. Bd2 Nc6 12. Be1 Ncxe5 13. fxe5 h4 14. Bd3 g6 15.
Qe2 c4 16. Bb1 Qc6 17. Nd2 b5 18. e4 dxe4 19. Bxe4 Bxe4 20. Nxe4 Rh5 21. Qf3
Kd8 22. Bd2 Rf5 23. Qe2 Kc7 24. g4 hxg3 25. Nxg3 Rg8 26. Rf2 Rxf2 27. Qxf2 Rg7
28. Qe3 Rh7 29. Rf1 Nb6 30. Rf3 Bg5 31. Qxg5 Qxf3 32. Qe7+ Nd7 33. Qd6+ Kc8 34.
Bg5 Rh3 35. Qxa6+ Qb7 36. Qd6 Qf3 37. Qa6+ 1/2-1/2

[Event "XVII. DBMM Schach"]
[Site "Berlin"]
[Date "2017.11.05"]
[Round "7.1"]
[White "Domingo, Miguel"]
[Black "Limbourg, Philipp"]
[Result "1-0"]
[WhiteElo "2184"]
[BlackElo "2214"]
[Annotator "br"]
[PlyCount "29"]
[EventDate "2017.??.??"]
[EventType "team-swiss"]
[EventRounds "7"]
[EventCountry "GER"]
[SourceTitle "XVII. DBMM 2017"]
[Source "FV Schach e.V."]
[SourceDate "2018.05.26"]
[SourceVersion "1"]
[SourceVersionDate "2018.05.26"]
[SourceQuality "1"]
[WhiteTeam "Europäisches Patentamt Muenchen"]
[BlackTeam "RWE Essen"]
[WhiteTeamCountry "GER"]
[BlackTeamCountry "GER"]

1. c4 e5 2. g3 Nc6 3. Nc3 f5 4. Nf3 Bb4 5. Nd5 a5 6. Nxb4 axb4 7. d4 e4 8. Bg5
Nf6 9. Nh4 d5 10. e3 O-O 11. cxd5 Qxd5 12. b3 Kh8 13. Bc4 Qd6 14. Bf4 Qd8 15.
d5 {Rest unleserlich.} 1-0

[Event "XVII. DBMM Schach"]
[Site "Berlin"]
[Date "2017.11.05"]
[Round "7.2"]
[White "Broszeit, Peter"]
[Black "Bohnhoff, Peter"]
[Result "0-1"]
[WhiteElo "1950"]
[BlackElo "2042"]
[Annotator "br"]
[PlyCount "86"]
[EventDate "2017.??.??"]
[EventType "team-swiss"]
[EventRounds "7"]
[EventCountry "GER"]
[SourceTitle "XVII. DBMM 2017"]
[Source "FV Schach e.V."]
[SourceDate "2018.05.26"]
[SourceVersion "1"]
[SourceVersionDate "2018.05.26"]
[SourceQuality "1"]
[WhiteTeam "RWE Essen"]
[BlackTeam "Europäisches Patentamt Muenchen"]
[WhiteTeamCountry "GER"]
[BlackTeamCountry "GER"]

1. e4 e5 2. Bc4 Nf6 3. d4 Nxe4 4. dxe5 Nc5 5. Nf3 Be7 6. Nc3 O-O 7. O-O d6 8.
Nd5 dxe5 9. Nxe7+ Qxe7 10. Bg5 Qe8 11. Re1 Be6 12. Bxe6 Nxe6 13. Qd5 Nxg5 14.
Nxg5 Nc6 15. Rad1 Rd8 16. Qe4 g6 17. Qh4 h5 18. f4 Rxd1 19. Rxd1 exf4 20. Qxf4
Qe5 21. Qxe5 Nxe5 22. h3 Re8 23. Kf2 f6 24. Ne4 Kf7 25. b3 Re7 26. Nc5 c6 27.
Nd3 Ke6 28. Nxe5 fxe5 29. Ke3 Rd7 30. Rf1 Rf7 31. Rd1 Rd7 32. Rf1 Rf7 33. Rd1
h4 34. Rd2 Rf5 35. Rd8 Rg5 36. Kf2 Rg3 37. Rd2 Rc3 38. Ke2 Rg3 39. Kf2 Rc3 40.
Ke2 Kf5 41. Kf2 a5 42. Ke2 e4 43. Kf2 e3+ 0-1

[Event "XVII. DBMM Schach"]
[Site "Berlin"]
[Date "2017.11.05"]
[Round "7.3"]
[White "Bumes, Konrad"]
[Black "Broksch, Dirk"]
[Result "1/2-1/2"]
[WhiteElo "1933"]
[BlackElo "1902"]
[Annotator "br"]
[PlyCount "81"]
[EventDate "2017.??.??"]
[EventType "team-swiss"]
[EventRounds "7"]
[EventCountry "GER"]
[SourceTitle "XVII. DBMM 2017"]
[Source "FV Schach e.V."]
[SourceDate "2018.05.26"]
[SourceVersion "1"]
[SourceVersionDate "2018.05.26"]
[SourceQuality "1"]
[WhiteTeam "Europäisches Patentamt Muenchen"]
[BlackTeam "RWE Essen"]
[WhiteTeamCountry "GER"]
[BlackTeamCountry "GER"]

1. d4 Nf6 2. Bg5 g6 3. Bxf6 exf6 4. g3 Bg7 5. Bg2 O-O 6. e3 d5 7. Ne2 c6 8. O-O
Qb6 9. Qc1 f5 10. Nd2 Nd7 11. Nf4 Nf6 12. c4 g5 13. Nd3 Ne4 14. cxd5 cxd5 15.
Nb3 Bd7 16. f3 Rac8 17. Ndc5 Nxc5 18. Nxc5 Qd8 19. Qd2 Bc6 20. f4 g4 21. Rfc1
Re8 22. Kf2 Qe7 $11 23. Re1 Qd6 24. Qd3 b6 25. Nb3 Bd7 26. Rac1 Be6 27. Bf1
Rxc1 28. Rxc1 Rc8 29. Rxc8+ Bxc8 30. Qc2 Bd7 31. Bd3 Qh6 32. Kg1 Qe6 33. Qc1
Bf8 34. Kg2 Kg7 35. Kf2 Be7 36. Qc2 h5 37. Nd2 h4 38. Nf1 $11 h3 39. Nd2 Bd6
40. Nb1 Kf6 41. Nc3 1/2-1/2

[Event "XVII. DBMM Schach"]
[Site "Berlin"]
[Date "2017.11.05"]
[Round "7.1"]
[White "Blum, Norbert"]
[Black "Jacob, Volker"]
[Result "0-1"]
[WhiteElo "1995"]
[BlackElo "2233"]
[Annotator "br"]
[PlyCount "54"]
[EventDate "2017.??.??"]
[EventType "team-swiss"]
[EventRounds "7"]
[EventCountry "GER"]
[SourceTitle "XVII. DBMM 2017"]
[Source "FV Schach e.V."]
[SourceDate "2018.05.26"]
[SourceVersion "1"]
[SourceVersionDate "2018.05.26"]
[SourceQuality "1"]
[WhiteTeam "Sparkassen-Vers. Stuttgart"]
[BlackTeam "Wiley United Weinheim"]
[WhiteTeamCountry "GER"]
[BlackTeamCountry "GER"]

1. e4 e5 2. Nf3 Nc6 3. d4 exd4 4. Nxd4 Nf6 5. Nxc6 bxc6 6. e5 Qe7 7. Qe2 Nd5 8.
c4 Nb6 9. Nd2 a5 10. a4 Qb4 11. b3 Qc3 12. Rb1 Bb4 13. Kd1 Qd4 14. Bb2 Qf4 15.
Nf3 Ba6 16. g3 Qh6 17. Qe4 O-O-O 18. Bc1 Qe6 19. Nd4 Qe8 20. Bh3 Kb8 21. Bg5 f6
22. Bf4 c5 23. Nf3 Bb7 24. Qe2 fxe5 25. Bg5 Qh5 26. Nxe5 Qxg5 27. Nf7 Qg6 0-1

[Event "XVII. DBMM Schach"]
[Site "Berlin"]
[Date "2017.11.05"]
[Round "7.2"]
[White "Spiegel, Stefan"]
[Black "Bohne, Uwe"]
[Result "1-0"]
[WhiteElo "2144"]
[BlackElo "2032"]
[Annotator "br"]
[PlyCount "111"]
[EventDate "2017.??.??"]
[EventType "team-swiss"]
[EventRounds "7"]
[EventCountry "GER"]
[SourceTitle "XVII. DBMM 2017"]
[Source "FV Schach e.V."]
[SourceDate "2018.05.26"]
[SourceVersion "1"]
[SourceVersionDate "2018.05.26"]
[SourceQuality "1"]
[WhiteTeam "Wiley United Weinheim"]
[BlackTeam "Sparkassen-Vers. Stuttgart"]
[WhiteTeamCountry "GER"]
[BlackTeamCountry "GER"]

1. e4 c5 2. Nc3 Nc6 3. f4 g6 4. Nf3 Bg7 5. Bb5 e6 6. Bxc6 bxc6 7. d3 d5 8. O-O
Ne7 9. Qe1 O-O 10. Bd2 c4 11. dxc4 dxe4 12. Qxe4 Qb6+ 13. Rf2 Qxb2 14. Rb1 Qa3
15. Rb3 Qd6 16. Na4 Nf5 17. Bb4 Qd1+ 18. Rf1 Bd4+ 19. Nxd4 Qxd4+ 20. Qxd4 Nxd4
21. Bxf8 Nxb3 22. cxb3 Kxf8 23. Rd1 Ke7 24. Nc5 f6 $11 25. Kf2 e5 26. fxe5 fxe5
27. Re1 Kf6 28. Nd3 e4 29. Rxe4 Bf5 30. Re3 Bxd3 31. Rxd3 Ke6 32. c5 Rf8+ 33.
Ke2 Rc8 34. Ke3 Rc7 35. Ke4 a5 36. Rd6+ Ke7 37. Ke5 Rc8 38. Re6+ Kd7 39. Rd6+
Ke7 40. g3 Rc7 41. Kd4 Rc8 42. Kc4 Rc7 43. a3 Rc8 44. b4 axb4 45. axb4 Rc7 46.
b5 cxb5+ 47. Kxb5 Ra7 48. Ra6 Rc7 49. Ra8 Kd7 50. Rb8 Ke6 51. Rd8 Ke7 52. Rh8
Ke6 53. Kb6 Rf7 54. c6 Rf2 55. c7 Rb2+ 56. Ka5 1-0

[Event "XVII. DBMM Schach"]
[Site "Berlin"]
[Date "2017.11.05"]
[Round "7.4"]
[White "Hartmann, Matthias"]
[Black "Marten, Gero"]
[Result "1/2-1/2"]
[WhiteElo "1849"]
[BlackElo "2008"]
[Annotator "br"]
[PlyCount "61"]
[EventDate "2017.??.??"]
[EventType "team-swiss"]
[EventRounds "7"]
[EventCountry "GER"]
[SourceTitle "XVII. DBMM 2017"]
[Source "FV Schach e.V."]
[SourceDate "2018.05.26"]
[SourceVersion "1"]
[SourceVersionDate "2018.05.26"]
[SourceQuality "1"]
[WhiteTeam "Wiley United Weinheim"]
[BlackTeam "Sparkassen-Vers. Stuttgart"]
[WhiteTeamCountry "GER"]
[BlackTeamCountry "GER"]

1. Nf3 c5 2. e3 d5 3. d4 e6 4. b3 Nf6 5. Bb2 Nbd7 6. Bd3 b6 7. O-O Bb7 8. Nbd2
Be7 9. Qe2 Ne4 10. dxc5 bxc5 11. Bxg7 Rg8 12. Bb2 Bf6 13. Bxf6 Qxf6 14. Kh1 Ke7
15. Bxe4 dxe4 16. Ng1 Rg6 17. Qb5 Bd5 18. c4 Rag8 19. g3 Ba8 20. Rad1 Qf5 21.
Ne2 h5 22. Nf4 Rg4 23. Rg1 Nf6 24. Qa5 Nh7 25. Qxa7+ Kf6 26. b4 Ng5 27. Nxh5+
Kg6 28. Nf4+ Kf6 29. Nh5+ Kg6 30. Nf4+ Kf6 31. Nh5+ 1/2-1/2

[Event "XVII. DBMM Schach"]
[Site "Berlin"]
[Date "2017.11.05"]
[Round "7.1"]
[White "Lenhardt, Manfred"]
[Black "Haenisch, Uwe"]
[Result "1-0"]
[WhiteElo "2086"]
[BlackElo "2195"]
[Annotator "br"]
[PlyCount "89"]
[EventDate "2017.??.??"]
[EventType "team-swiss"]
[EventRounds "7"]
[EventCountry "GER"]
[SourceTitle "XVII. DBMM 2017"]
[Source "FV Schach e.V."]
[SourceDate "2018.05.26"]
[SourceVersion "1"]
[SourceVersionDate "2018.05.26"]
[SourceQuality "1"]
[WhiteTeam "Vattenfall Berlin"]
[BlackTeam "Deutsche Bahn/BSW Frankurt/M"]
[WhiteTeamCountry "GER"]
[BlackTeamCountry "GER"]

1. d4 f5 2. g3 g6 3. Bg2 Bg7 4. Nh3 Nf6 5. Nf4 c6 6. c4 O-O 7. Nc3 Qb6 8. O-O
d6 9. c5 Qd8 10. cxd6 exd6 11. b4 Qe7 12. Bb2 d5 13. b5 Nbd7 14. bxc6 bxc6 15.
Ncxd5 Nxd5 16. Nxd5 Qd6 17. Nf4 Rb8 18. Rb1 Ba6 19. Qa4 Bb5 20. Qb3+ Rf7 21.
Ba3 Qf6 22. Qe6 Qxe6 23. Nxe6 Bf6 24. Rfe1 Bc4 25. Nf4 Rxb1 26. Rxb1 Bxd4 27.
Bxc6 Nb6 28. Rd1 Rc7 29. Bf3 Bc5 30. Bb2 Be7 31. Ra1 Rd7 32. e3 g5 33. Nh5 Kf7
34. g4 Na4 35. Bd4 f4 36. Bc6 Rxd4 37. exd4 Nc3 38. Kg2 Bxa2 39. Rxa2 Nxa2 40.
Bd5+ Kf8 41. Bxa2 a5 42. Kf3 a4 43. Ke4 a3 44. Ke5 Bb4 45. f3 1-0

[Event "XVII. DBMM Schach"]
[Site "Berlin"]
[Date "2017.11.05"]
[Round "7.2"]
[White "Kopp, Jan"]
[Black "Busse, Wolfgang"]
[Result "1-0"]
[WhiteElo "2042"]
[BlackElo "1841"]
[Annotator "br"]
[PlyCount "75"]
[EventDate "2017.??.??"]
[EventType "team-swiss"]
[EventRounds "7"]
[EventCountry "GER"]
[SourceTitle "XVII. DBMM 2017"]
[Source "FV Schach e.V."]
[SourceDate "2018.05.26"]
[SourceVersion "1"]
[SourceVersionDate "2018.05.26"]
[SourceQuality "1"]
[WhiteTeam "Deutsche Bahn/BSW Frankurt/M"]
[BlackTeam "Vattenfall Berlin"]
[WhiteTeamCountry "GER"]
[BlackTeamCountry "GER"]

1. d4 Nf6 2. c4 g6 3. f3 Bg7 4. e4 d6 5. Nc3 O-O 6. Be3 c6 7. Qd2 Re8 8. O-O-O
Qc7 9. Kb1 a6 10. Bh6 Bh8 11. h4 Nh5 12. g4 Ng3 13. Rh3 Nxf1 14. Rxf1 f6 15. f4
Bxg4 16. Rg3 f5 17. Rxg4 fxg4 18. f5 Bf6 19. Qf4 Nd7 20. Qxg4 Kf7 21. Nf3 Rg8
22. Ng5+ Ke8 23. Ne6 Qa5 24. Ne2 b5 25. c5 Nxc5 26. dxc5 Qb4 27. Bc1 Kd7 28.
fxg6 Ke8 29. Nc7+ Kf8 30. Bh6+ Rg7 31. Rxf6+ exf6 32. Bxg7+ Kxg7 33. gxh7+ Kxh7
34. Qh5+ Kg8 35. Qg6+ Kh8 36. Qxf6+ Kg8 37. Qe6+ Kh8 38. Nxa8 1-0

[Event "XVII. DBMM Schach"]
[Site "Berlin"]
[Date "2017.11.05"]
[Round "7.4"]
[White "Fernengel, Rudolf"]
[Black "Krombach, Karl Heinz"]
[Result "1/2-1/2"]
[WhiteElo "1789"]
[BlackElo "1828"]
[Annotator "br"]
[PlyCount "82"]
[EventDate "2017.??.??"]
[EventType "team-swiss"]
[EventRounds "7"]
[EventCountry "GER"]
[SourceTitle "XVII. DBMM 2017"]
[Source "FV Schach e.V."]
[SourceDate "2018.05.26"]
[SourceVersion "1"]
[SourceVersionDate "2018.05.26"]
[SourceQuality "1"]
[WhiteTeam "Deutsche Bahn/BSW Frankurt/M"]
[BlackTeam "Vattenfall Berlin"]
[WhiteTeamCountry "GER"]
[BlackTeamCountry "GER"]

1. d4 Nf6 2. c4 g6 3. Nc3 Bg7 4. e4 d6 5. Be2 O-O 6. Be3 Nbd7 7. f4 c5 8. d5 a6
9. Qc2 Ne8 10. Nf3 Nc7 11. O-O Nf6 12. h3 b5 13. cxb5 axb5 14. Nxb5 Nxb5 15.
Bxb5 Rb8 16. Bc4 Nxe4 17. Bc1 Nf6 18. g4 Bb7 19. Qd3 Nd7 20. Rb1 Nb6 21. b3
Nxc4 22. bxc4 Ba6 23. Bd2 Qd7 24. Bc3 Bxc3 25. Qxc3 h5 26. Nh2 hxg4 27. Nxg4
Rxb1 28. Rxb1 Qa4 29. Ne3 Bc8 30. Rb2 f6 31. Kh2 Kf7 32. Kg3 Rh8 33. h4 Qd7 34.
Rh2 Rh5 35. Qd3 Qa4 36. Qb3 Qa5 37. Qd1 Qb4 38. Qc2 Qe1+ 39. Qf2 Qb1 40. Qc2
Qe1+ 41. Qf2 Qb1 1/2-1/2

[Event "XVII. DBMM Schach"]
[Site "Berlin"]
[Date "2017.11.05"]
[Round "7.1"]
[White "Gempe, Thomas"]
[Black "Gohla, Ulf"]
[Result "1/2-1/2"]
[WhiteElo "2196"]
[BlackElo "2171"]
[Annotator "br"]
[PlyCount "111"]
[EventDate "2017.??.??"]
[EventType "team-swiss"]
[EventRounds "7"]
[EventCountry "GER"]
[SourceTitle "XVII. DBMM 2017"]
[Source "FV Schach e.V."]
[SourceDate "2018.05.26"]
[SourceVersion "1"]
[SourceVersionDate "2018.05.26"]
[SourceQuality "1"]
[WhiteTeam "ADAC Muenchen"]
[BlackTeam "Vodafone"]
[WhiteTeamCountry "GER"]
[BlackTeamCountry "GER"]

1. d4 d5 2. c4 c6 3. Nf3 Nf6 4. Nc3 dxc4 5. a4 Bf5 6. Ne5 Nbd7 7. Nxc4 Nb6 8.
Ne5 Nbd7 9. Nc4 Nb6 10. e3 e6 11. Be2 Bb4 12. O-O O-O 13. Qb3 Be7 14. Rd1 Qc7
15. h3 h6 16. Bd2 Rfd8 17. Rac1 Rac8 18. Bf3 Nxc4 19. Qxc4 e5 20. Be1 e4 21.
Bg4 Nxg4 22. hxg4 Bxg4 23. Rd2 Be6 24. Qe2 f5 25. Qh5 Bg5 26. Ne2 Qf7 27. Qh2
Bb3 28. a5 Be7 29. Nc3 Bb4 30. f3 exf3 31. gxf3 Bxa5 32. Rg2 Kh7 33. Bg3 Bc7
34. Bf4 Re8 35. Kf2 Bxf4 36. Qxf4 Re7 37. Rcg1 g5 38. Rxg5 hxg5 39. Rxg5 Re6
40. Ne4 Rh6 41. Rxf5 Qg7 42. Nf6+ Kh8 43. Nh5 Qg6 44. Qe5+ Kh7 45. Nf6+ Kh8 46.
Ne8+ Kh7 47. Qe7+ Kh8 48. Rf8+ Bg8 49. Qe5+ Kh7 50. Qe7+ Kh8 51. Qe5+ Kh7 52.
Nf6+ Kg7 53. Nd7+ Kh7 54. Nf6+ Kg7 55. Nd7+ Kh7 56. Nf6+ 1/2-1/2

[Event "XVII. DBMM Schach"]
[Site "Berlin"]
[Date "2017.11.05"]
[Round "7.2"]
[White "Scheffner, Axel"]
[Black "Haas, Peter"]
[Result "1/2-1/2"]
[WhiteElo "2249"]
[BlackElo "2092"]
[Annotator "br"]
[PlyCount "24"]
[EventDate "2017.??.??"]
[EventType "team-swiss"]
[EventRounds "7"]
[EventCountry "GER"]
[SourceTitle "XVII. DBMM 2017"]
[Source "FV Schach e.V."]
[SourceDate "2018.05.26"]
[SourceVersion "1"]
[SourceVersionDate "2018.05.26"]
[SourceQuality "1"]
[WhiteTeam "Vodafone"]
[BlackTeam "ADAC Muenchen"]
[WhiteTeamCountry "GER"]
[BlackTeamCountry "GER"]

1. d4 Nf6 2. c4 e6 3. Nc3 Bb4 4. f3 Nc6 5. a3 Bxc3+ 6. bxc3 b6 7. e4 Ba6 8. Bd3
Na5 9. Qe2 O-O 10. Bg5 h6 11. Be3 Ne8 12. e5 d5 1/2-1/2

[Event "XVII. DBMM Schach"]
[Site "Berlin"]
[Date "2017.11.05"]
[Round "7.3"]
[White "Gempe, Anet"]
[Black "Limbourg, Marina"]
[Result "1-0"]
[WhiteElo "1997"]
[BlackElo "2018"]
[Annotator "br"]
[PlyCount "91"]
[EventDate "2017.??.??"]
[EventType "team-swiss"]
[EventRounds "7"]
[EventCountry "GER"]
[SourceTitle "XVII. DBMM 2017"]
[Source "FV Schach e.V."]
[SourceDate "2018.05.26"]
[SourceVersion "1"]
[SourceVersionDate "2018.05.26"]
[SourceQuality "1"]
[WhiteTeam "ADAC Muenchen"]
[BlackTeam "Vodafone"]
[WhiteTeamCountry "GER"]
[BlackTeamCountry "GER"]

1. e4 c5 2. Nf3 e6 3. a3 a6 4. d4 cxd4 5. Nxd4 Qc7 6. Be2 Nf6 7. Nc3 Nc6 8. Be3
Ne5 9. O-O h5 10. f3 b5 11. Nb3 Rb8 12. Qd4 Nc4 13. Bxc4 Qxc4 14. Rfd1 Qxd4 15.
Rxd4 Bb7 16. Rad1 Rc8 17. R4d3 d5 18. exd5 Nxd5 19. Nxd5 Bxd5 20. Na1 Be7 21.
c3 O-O 22. Nc2 a5 23. R1d2 Rb8 24. Bf2 Bg5 25. Be3 Be7 26. Bf2 Rfc8 27. Bg3 Rb7
28. Bf2 Kf8 29. Ne3 Bc6 30. Nc2 e5 31. Ne3 b4 32. axb4 axb4 33. cxb4 Bxb4 34.
Rc2 Rbc7 35. h4 e4 36. fxe4 Bxe4 37. Rxc7 Rxc7 38. Rd4 Rc1+ 39. Kh2 Bc5 40.
Rxe4 Rb1 41. Bg3 Rxb2 42. Nc4 Rb1 43. Bd6+ Bxd6+ 44. Nxd6 g6 45. Rf4 f5 46.
Nxf5 1-0

[Event "XVII. DBMM Schach"]
[Site "Berlin"]
[Date "2017.11.05"]
[Round "7.4"]
[White "Elster, Ulrich"]
[Black "Katzer, Joachim"]
[Result "0-1"]
[WhiteElo "1881"]
[BlackElo "1904"]
[Annotator "br"]
[PlyCount "52"]
[EventDate "2017.??.??"]
[EventType "team-swiss"]
[EventRounds "7"]
[EventCountry "GER"]
[SourceTitle "XVII. DBMM 2017"]
[Source "FV Schach e.V."]
[SourceDate "2018.05.26"]
[SourceVersion "1"]
[SourceVersionDate "2018.05.26"]
[SourceQuality "1"]
[WhiteTeam "Vodafone"]
[BlackTeam "ADAC Muenchen"]
[WhiteTeamCountry "GER"]
[BlackTeamCountry "GER"]

1. d4 d5 2. c4 e6 3. g3 c5 4. cxd5 exd5 5. Nf3 Nc6 6. Bg2 Nf6 7. O-O Be7 8. Nc3
O-O 9. Bg5 cxd4 10. Nxd4 h6 11. Bf4 Be6 12. Qd3 Qd7 13. Rfd1 Rfd8 14. h4 Rac8
15. Rac1 Nxd4 16. Qxd4 Rc4 17. Qd3 Bf5 18. e4 Rxc3 19. Rxc3 Nxe4 20. Rc7 Qe6
21. Qd4 b6 22. b4 Bf6 23. Qd3 Nxf2 24. Qb3 Nxd1 25. Qxd1 Be5 26. Qe2 Bxc7 0-1

[Event "XVII. DBMM Schach"]
[Site "Berlin"]
[Date "2017.11.05"]
[Round "7.2"]
[White "Lange, Rudolf"]
[Black "Hilbig, Olaf"]
[Result "1/2-1/2"]
[WhiteElo "1851"]
[BlackElo "2167"]
[Annotator "fb"]
[PlyCount "80"]
[EventDate "2017.??.??"]
[EventType "team-swiss"]
[EventRounds "7"]
[EventCountry "GER"]
[SourceTitle "XVII. DBMM 2017"]
[Source "FV Schach e.V."]
[SourceDate "2018.05.26"]
[SourceVersion "1"]
[SourceVersionDate "2018.05.26"]
[SourceQuality "1"]
[WhiteTeam "SV Osram Berlin II"]
[BlackTeam "Commerzbank Frankfurt"]
[WhiteTeamCountry "GER"]
[BlackTeamCountry "GER"]

1. d4 Nf6 2. Bf4 g6 3. e3 Bg7 4. Be2 d6 5. Nf3 O-O 6. c4 Nbd7 7. Nc3 c6 8. h3
a5 9. a4 Re8 10. O-O Qb6 11. Qc2 e5 12. Bh2 h6 13. Rfd1 Bf8 14. c5 dxc5 15.
dxe5 Nh7 16. e6 Rxe6 17. Bc4 Ndf6 18. Bxe6 Bxe6 19. Nd2 Qb4 20. e4 Bg7 21. Re1
c4 22. Be5 Qc5 23. Nf3 b5 24. Bd4 Qh5 25. Ne2 Ng5 26. Nxg5 hxg5 27. Ng3 Qh4 28.
Qd2 Rd8 29. Qe3 b4 30. Rad1 g4 31. Bxf6 Qxf6 32. e5 Qe7 33. hxg4 Bxg4 34. Rd4
Rxd4 35. Qxd4 Be6 36. Ne4 Bd5 37. f4 Qh4 38. Qe3 b3 39. Qg3 Qxg3 40. Nxg3 Bh6
1/2-1/2

[Event "XVII. DBMM Schach"]
[Site "Berlin"]
[Date "2017.11.05"]
[Round "7.3"]
[White "Hummel, Dennis"]
[Black "Mueller, Gerd"]
[Result "1/2-1/2"]
[WhiteElo "2029"]
[BlackElo "1867"]
[Annotator "br"]
[PlyCount "78"]
[EventDate "2017.??.??"]
[EventType "team-swiss"]
[EventRounds "7"]
[EventCountry "GER"]
[SourceTitle "XVII. DBMM 2017"]
[Source "FV Schach e.V."]
[SourceDate "2018.05.26"]
[SourceVersion "1"]
[SourceVersionDate "2018.05.26"]
[SourceQuality "1"]
[WhiteTeam "Commerzbank Frankfurt"]
[BlackTeam "SV Osram Berlin II"]
[WhiteTeamCountry "GER"]
[BlackTeamCountry "GER"]

1. e4 c5 2. Nc3 Nc6 3. g3 g6 4. Bg2 Bg7 5. d3 Nf6 6. Be3 d6 7. h3 O-O 8. Qd2
Rb8 9. Bh6 Nd4 10. Bxg7 Kxg7 11. Nd1 d5 12. e5 Nd7 13. f4 e6 14. Ne3 Qb6 15. c3
Nf5 16. Nxf5+ gxf5 17. Nf3 f6 18. O-O Qc7 19. Rae1 Kh8 20. exf6 Rxf6 21. Ne5
Nxe5 22. Rxe5 Rg6 23. Kh2 Bd7 24. Rfe1 Rbg8 25. Qf2 Qd6 26. a3 b6 27. d4 Qf8
28. R5e3 Qh6 29. Rc1 Qf8 30. Rd3 Bb5 31. Rf3 c4 32. Re3 a5 33. Qe1 Qh6 34. Rf3
Ba4 35. Qe5+ Qg7 36. Qe3 h5 37. h4 Bd7 38. Rg1 Kh7 39. Bf1 b5 1/2-1/2

[Event "XVII. DBMM Schach"]
[Site "Berlin"]
[Date "2017.11.05"]
[Round "7.4"]
[White "Mayer, Herbert"]
[Black "Fischer, Alexander"]
[Result "1/2-1/2"]
[WhiteElo "1859"]
[BlackElo "2043"]
[Annotator "hm"]
[PlyCount "77"]
[EventDate "2017.??.??"]
[EventType "team-swiss"]
[EventRounds "7"]
[EventCountry "GER"]
[SourceTitle "XVII. DBMM 2017"]
[Source "FV Schach e.V."]
[SourceDate "2018.05.26"]
[SourceVersion "1"]
[SourceVersionDate "2018.05.26"]
[SourceQuality "1"]
[WhiteTeam "SV Osram Berlin II"]
[BlackTeam "Commerzbank Frankfurt"]
[WhiteTeamCountry "GER"]
[BlackTeamCountry "GER"]

1. f4 d5 2. b3 Nf6 3. e3 g6 4. Bb2 Bg7 5. Nf3 O-O 6. Be2 c5 7. O-O Nc6 8. Ne5
Qc7 9. d3 b6 10. Nxc6 Qxc6 11. Bf3 Bb7 12. Nc3 Qd7 13. Ne2 Qe6 14. Qd2 Rfd8 15.
Be5 Ne4 16. Bxe4 Bxe5 17. fxe5 dxe4 18. d4 Qxe5 19. c3 Qg5 20. Qc1 Rac8 21. c4
cxd4 22. Nxd4 e5 23. Nc2 Rd3 24. Qe1 Rcd8 25. Qf2 R8d7 26. Rae1 Bc8 27. Qf6
Qxf6 28. Rxf6 Kg7 29. Rf2 Rd2 30. h3 Rxf2 31. Kxf2 Rd2+ 32. Re2 Rxe2+ 33. Kxe2
Kf6 34. Nb4 Bb7 35. g3 Ke6 36. a3 h5 37. Na2 g5 38. Nc3 f5 39. Kf2 1/2-1/2